God and reason; (Record no. 1009)

MARC details
000 -LEADER
fixed length control field 00774cam a2200265 4500
001 - CONTROL NUMBER
control field 42874
003 - CONTROL NUMBER IDENTIFIER
control field GBCCL
005 - DATE AND TIME OF LATEST TRANSACTION
control field 20241126110351.0
008 - FIXED-LENGTH DATA ELEMENTS--GENERAL INFORMATION
fixed length control field 720302s1972 nyu b 001 0 eng
010 ## -
-- 70176059 //r932
035 ## - SYSTEM CONTROL NUMBER
System control number (OCoLC)00266782
040 ## - CATALOGING SOURCE
Original cataloging agency DLC
Transcribing agency DLC
049 ## -
-- LBBK
050 00 -
-- BL51
-- .M624
082 00 - DEWEY DECIMAL CLASSIFICATION NUMBER
Classification number 210.1
Item number MIL
092 ## - LOCALLY ASSIGNED DEWEY CALL NUMBER (OCLC)
Classification number 201.1
Item number M647
100 1# - MAIN ENTRY--PERSONAL NAME
Personal name Miller, Ed. L.
Fuller form of name (Ed. LeRoy),
Dates associated with a name 1937-
9 (RLIN) 1694
245 10 - TITLE STATEMENT
Title God and reason;
Remainder of title a historical approach to philosophical theology
Statement of responsibility, etc. [by] Ed. L. Miller.
260 ## - PUBLICATION, DISTRIBUTION, ETC.
Place of publication, distribution, etc. New York,
Name of publisher, distributor, etc. Macmillan
Date of publication, distribution, etc. [1972]
300 ## - PHYSICAL DESCRIPTION
Extent xi, 244 p.
Dimensions 21 cm.
504 ## - BIBLIOGRAPHY, ETC. NOTE
Bibliography, etc. note Includes bibliographical references.
650 #0 - SUBJECT ADDED ENTRY--TOPICAL TERM
Topical term or geographic name entry element Philosophical theology.
9 (RLIN) 1695
650 #0 - SUBJECT ADDED ENTRY--TOPICAL TERM
Topical term or geographic name entry element Faith and reason.
9 (RLIN) 1696
942 ## - ADDED ENTRY ELEMENTS (KOHA)
Source of classification or shelving scheme Dewey Decimal Classification
Koha item type Books
Koha issues (borrowed), all copies 10
Holdings
Withdrawn status Lost status Source of classification or shelving scheme Damaged status Not for loan Home library Current Library Shelving location Date acquired Total checkouts Total renewals Full call number Barcode Date last seen Date last checked out Copy number Price effective from Koha item type
    Dewey Decimal Classification     GRACE BIBLE COLLEGE GRACE BIBLE COLLEGE Philosophy and Religion 2017-04-03 11 1 210.1 MIL 009451 2025-05-01 2023-11-16 c.1 2017-04-03 Books
© Grace Bible College Library 2025